Office XP : the complete reference /

Uloženo v:
Podrobná bibliografie
Hlavní autor: Nelson, Stephen L., 1959-
Médium: Kniha
Jazyk:Vietnamese
Vydáno: Osborne/McGraw -Hill 2001
Tagy: Přidat tag
Žádné tagy, Buďte první, kdo otaguje tento záznam!
Thư viện lưu trữ: Mạng thư viện Đại học Đà Nẵng
LEADER 00649nam a2200265 4500
001 000027837
003 NE-S
005 20150403120000.0
008 150403s vm 000 vie
020 |c 0,0000 
040 |a notts 
100 |a Nelson, Stephen L., 1959- 
245 |a Office XP : the complete reference /  |c StephenL. Nelson, Julia Kelly. 
260 |b Osborne/McGraw -Hill  |c 2001 
OWN |a LTT 
999 |a From the UDN01 
TYP |a Monograph 
TYP |a Printed language 
980 |a Mạng thư viện Đại học Đà Nẵng